ბათუმის შოთა რუსთაველის სახელმწიფო უნივერსიტეტის ბიბლიოთეკა

შრომები = Works = Труды. (ბიბ.ჩანაწერი № 62192)

000 -ლიდერი
ფიქსირებული სიგრძის საკონტროლო ველი 02271nam a22002537a 4500
003 - საკონტროლო ნომრის იდენტიფიკატორი
საკონტროლო ველი Ge_BSU
005 - ბოლო ოპერაციის თარიღი და დრო
საკონტროლო ველი 20240730171430.0
008 - ფიქსირებული სიგრძის მონაცემთა ელემენტები - ზოგადი ინფორმაცია
ფიქსირებული სიგრძის საკონტროლო ველი 240730s2019 ge ||||| |||| 00| 0 geo d
020 ## - წიგნის საერთაშორისო სტანდარტული ნომერი
International Standard Book Number 9789941139178 (მრავალტომეული) 9789941139185 (ტომი 1)
041 ## - ენის კოდი
Language code of text/sound track or separate title geo
080 ## - უნივერსალური ათობითი კლასიფიკაციის ინდექსი
Universal Decimal Classification number 811.352.2'282 ლ-81
100 ## - მთავარი ჩანაწერი - პიროვნების სახელი
Personal name ლომთათიძე, ქეთევან
Relator term 1911-2007, ავტორი.
9 (RLIN) 7948
245 ## - ცნობა სათაურის შესახებ
Title შრომები = Works = Труды.
Remainder of title ტომი 1, აფხაზური ენის ტაპანთური დიალექტი (ტექსტებითურთ) /
Statement of responsibility, etc ქეთევან ლომთათიძე ; სარედაქციო კოლეგია: მ. ბუკია, თ. გვანცელაძე, ნ. ფონიავა [და სხვა] ; ტომის რედაქტორი ნ. მაჭავარიანი
264 ## - წარმოების, გამოცემის, დისტრიბუციის და სხვა ცნობები
გამოცემის, წარმოების, დისტრიბუციის... ადგილი თბილისი,
გამოცემის, წარმოების, დისტრიბუციის... სახელწოდება (თსუ გამომცემლობის სტამბა)
გამოცემის, წარმოების, დისტრიბუციის... თარიღი 2019.
300 ## - ფიზიკური აღწერა
Extent 402 გვ. ;
Other physical details 25 სმ.
504 ## - BIBLIOGRAPHY, ETC. NOTE
Bibliography, etc ბიბლიოგრაფია ტექსტის შენიშვნებში და გვ. 18-21.
653 ## - INDEX TERM--UNCONTROLLED
Uncontrolled term აფხაზური ენის დიალექტი. აფხაზური ენის გრამატიკა. აბაზური ენა.
700 ## - ADDED ENTRY--PERSONAL NAME
Personal name ბუკია, მ.
Relator term სარედაქციო კოლეგია
9 (RLIN) 23018
700 ## - ADDED ENTRY--PERSONAL NAME
Personal name გვანცელაძე, თ
Relator term სარედაქციო კოლეგია და სხვ.
9 (RLIN) 23019
710 ## - ADDED ENTRY--CORPORATE NAME
Corporate name or jurisdiction name as entry element ივანე ჯავახიშვილის სახ. თბილისის სახელმწ. უნივერსიტეტი. არნოლდ ჩიქობავას სახ. ენათმეცნიერების ინსტიტუტი.
9 (RLIN) 23020
710 ## - ADDED ENTRY--CORPORATE NAME
Corporate name or jurisdiction name as entry element Ivane Javakhishvili Tbilisis State University. Arnold Chikobava Institute of Linguistics. Тбилисский гос ун-т им. Иванэ Джавахишвили. Ин-т языкознания им. Арнольда Чикобава.
9 (RLIN) 23021
773 ## - HOST ITEM ENTRY
Title ნაჩუქარი
942 ## - ADDED ENTRY ELEMENTS (KOHA)
Source of classification or shelving scheme
Koha item type წიგნი
ეგზემპლარები
ჩამოწერის სტატუსი დაკარგული ეგზემპლარის სტატუსი კლასიფიკაციის წყარო ან თაროზე გაწყობის სქემა დაზიანების სტატუსი არ გაიცემა მუდმივი მდებარეობა (დაცვის ადგილი) ამჟამინდელი ადგილსამყოფელი თაროზე განთავსების ადგილი შეძენის თარიღი ღირებულება, შესყიდვის ნორმალური ფასი სრული შენახვის შიფრი შტრიხკოდი ბოლო ოპერაციის თარიღი ეგზემპლარის მიმდევრობითი ნომერი (კეტერი?) ფასის ძალაში შესვლის თარიღი ეგზემპლარის სახეობა საჯარო შენიშვნა
          ბათუმის შოთა რუსთაველის სახელმწიფო უნივერსიტეტის მთავარი ბიბლიოთეკა ბათუმის შოთა რუსთაველის სახელმწიფო უნივერსიტეტის მთავარი ბიბლიოთეკა წიგნსაცავი 2024-07-30 10.00 811.352.2'282 ლ-81 66072 2024-07-30 66072 2024-07-30 წიგნი 10.00